00746nam a2200193 a 4500001001000000003000400010005001700014008004100031040002500072082001300097100002400110245004700134260004400181300002100225490009700246500006300343710004400406830010200450000044425OSt20240307073948.0140630s2007 dr 000 0 spa d aDO-SdBNPbspacBNPHU axxxaxxx1 aLeón Davidd1945-13aEl lenguaje de la poesía. /cLeon David. aSanto Domingo ; auniversitaria,c2007. a107 p. ;c21 cm.1 aPublicaciones de la Universidad Autónoma de Santo Domingov1362aliteratura y sociedadv75 aIncluye datos biográficos del autor en la contracubierta1 aUniversidad Autónoma de Santo Domingo 0aPublicaciones de la Universidad Autónoma de Santo Domingo ;v1362pliteratura y sociedad ; n75